Harry Potter-B - Statistiques

Statistiques générales
  • Ce quiz a été pris 135 fois
    85 depuis la dernière actualisation
  • Le résultat moyen est 10 sur 12
Statistiques - réponses
Définition Nom % Correct
Fantôme de Serpentard Baron sanglant
93%
Académie de magie française Beauxbâton
93%
"bout de bois" qui sert à faire de la magie Baguette
90%
L'aîné d'une grande familleDe sorciers Bill Weasley
90%
Examen que passe les élèves de 5ème année Brevet Universel deDe Sorcellerie élémentaire
90%
Le dernier mangemortQui s'est battue au coté de Voldemort Bellatrix Lestrange
84%
Créaturequ'il ne faut pas regarder dans les yeux Basilic
81%
Un des sept Horcruxes Bague de gaunt
80%
Mangemort qui à le même nom que son père Barty croupton
80%
Nom donné au combat final de le 7 Bataille de Poudlard
65%
Moyen de transport Balais
62%
Auteur de l'histoire de la magie Bathilda Tourdesac
52%
Aucun quiz correspondant
Distribution des résultats
% des personnes avec chaque résultat
Percentile par nombre de réponses
Votre historique - résultats
Vous n’avez pas pris ce quiz depuis la dernière actualisation